Catálogo - Centro de Recursos para el Aprendizaje y la Investigación

Volver al Sitio - CRAI Biblioteca

La Suprema Corte de Justicia y la cuestión religiosa, 1917-1940 / (Registro nro. 113400)

Detalles MARC
000 -CABECERA
campo de control de longitud fija 01754nam a2200301 4500
001 - NÚMERO DE CONTROL
campo de control 113400
003 - IDENTIFICADOR DEL NÚMERO DE CONTROL
campo de control DR-UNIBE
005 - FECHA Y HORA DE LA ÚLTIMA TRANSACCIÓN
campo de control 20250728145632.0
008 - DATOS DE LONGITUD FIJA--INFORMACIÓN GENERAL
campo de control de longitud fija 250331b2006 mx ||||| |||| 00| 0 spa d
020 ## - NÚMERO INTERNACIONAL ESTÁNDAR DEL LIBRO
Número Internacional Estándar del Libro 9707125934 Colección completa
020 ## - NÚMERO INTERNACIONAL ESTÁNDAR DEL LIBRO
Número Internacional Estándar del Libro 9707125950 tomo II
020 ## - NÚMERO INTERNACIONAL ESTÁNDAR DEL LIBRO
Número Internacional Estándar del Libro 9707125942 tomo 1
040 ## - FUENTE DE LA CATALOGACIÓN
Centro catalogador/agencia de origen BIBLIOTECA UNIBE
Lengua de catalogación spa
Centro/agencia transcriptor BIBLIOTECA UNIBE
Normas de descripción rda
041 ## - CÓDIGO DE LENGUA
Código de lengua del texto/banda sonora o título independiente spa
082 ## - NÚMERO DE LA CLASIFICACIÓN DECIMAL DEWEY
Número de edición 22
Número de clasificación 322.10972 M611s 2006
110 10 - ENTRADA PRINCIPAL--NOMBRE DE ENTIDAD CORPORATIVA
Nombre de entidad corporativa o nombre de jurisdicción como elemento de entrada Mexico. Suprema Corte de Justicia de la Nación
Término indicativo de función/relación autor
9 (RLIN) 194807
245 13 - MENCIÓN DE TÍTULO
Título La Suprema Corte de Justicia y la cuestión religiosa, 1917-1940 /
Mención de responsabilidad, etc. Suprema Corte de Justicia de la Nación
250 ## - MENCIÓN DE EDICIÓN
Mención de edición Segunda edición
260 ## - PUBLICACIÓN, DISTRIBUCIÓN, ETC.
Lugar de publicación, distribución, etc. México :
Nombre del editor, distribuidor, etc. Suprema Corte de Justicia de la Nación,
Fecha de publicación, distribución, etc. 2006
300 ## - DESCRIPCIÓN FÍSICA
Extensión 2 tomos
Dimensiones 23 x 19 cm
505 0# - NOTA DE CONTENIDO CON FORMATO
Nota de contenido con formato Presentación |<br/> Introducción |<br/> Estudio preliminar histórico-jurídico |<br/> 1. Archivos judiciales de la Primera Corte de Justicia: 1917-1919 |<br/> 2. Archivos judiciales de la Segunda Suprema Corte de Justicia: 1919-1923 |<br/> 3. Archivos judiciales Tercera Suprema Corte de Justicia 1923-1928 |<br/> 4. Archivos judiciales durante la época del "maximato" 1929-1934 |<br/> Tomo II. 5. Archivos judiciales durante la época del cardenismo: 1935-1940 |<br/> Apéndice documental |<br/> I. Ministros de la Suprema Corte de Justicia de la Nación 1917-1940 |<br/> 2. Documentos diversos |<br/>3. Legislación<br/>
650 #7 - PUNTO DE ACCESO ADICIONAL DE MATERIA--TÉRMINO DE MATERIA
Fuente del encabezamiento o término lemb
Término de materia o nombre geográfico como elemento de entrada Administración de justicia
Subdivisión geográfica México
Subdivisión general Historia
9 (RLIN) 197761
650 #7 - PUNTO DE ACCESO ADICIONAL DE MATERIA--TÉRMINO DE MATERIA
Fuente del encabezamiento o término lemb
Término de materia o nombre geográfico como elemento de entrada Ttibunales constitucionales
Subdivisión geográfica México
9 (RLIN) 197762
650 #7 - PUNTO DE ACCESO ADICIONAL DE MATERIA--TÉRMINO DE MATERIA
Fuente del encabezamiento o término lemb
Término de materia o nombre geográfico como elemento de entrada Reformas constitucionales
Subdivisión geográfica México
9 (RLIN) 197763
650 #7 - PUNTO DE ACCESO ADICIONAL DE MATERIA--TÉRMINO DE MATERIA
Fuente del encabezamiento o término lemb
Término de materia o nombre geográfico como elemento de entrada Iglesia y estado
Subdivisión geográfica México
Subdivisión cronológica 1917-1940
Subdivisión de forma Casos
9 (RLIN) 197764
650 #7 - PUNTO DE ACCESO ADICIONAL DE MATERIA--TÉRMINO DE MATERIA
Fuente del encabezamiento o término lemb
Término de materia o nombre geográfico como elemento de entrada Religión y estado
Subdivisión geográfica México
Subdivisión cronológica Siglo XX
Subdivisión de forma Casos
9 (RLIN) 197765
942 ## - ELEMENTOS DE PUNTO DE ACCESO ADICIONAL (KOHA)
Fuente del sistema de clasificación o colocación Sistema de Clasificación Decimal Dewey
Tipo de ítem Koha Libro (general)
Existencias
Estado de retiro Estado de pérdida Fuente del sistema de clasificación o colocación No para préstamo Código de colección Localización permanente Fecha de adquisición Total de préstamos Signatura topográfica completa Código de barras Fecha visto por última vez Número de copia Precio válido a partir de Tipo de ítem Koha
  Disponible Sistema de Clasificación Decimal Dewey   General Biblioteca Central UNIBE 31/01/2025   322.10972 M611s_2006 250182 31/03/2025 Vol. 1 Ej. 1 31/03/2025 Libro (general)
  Disponible Sistema de Clasificación Decimal Dewey   General Biblioteca Central UNIBE 10/06/2025   322.10972 M611s_2006 250904 28/07/2025 Vol. 2, Ej. 1 28/07/2025 Libro (general)